Al margen de Ortega y Gasset : (Registro nro. 14867)

Detalles MARC
000 -LEADER
fixed length control field 01483nam a22003377a 4500
003 - CONTROL NUMBER IDENTIFIER
control field DO-SdBPM
005 - DATE AND TIME OF LATEST TRANSACTION
control field 20241121073725.0
008 - FIXED-LENGTH DATA ELEMENTS--GENERAL INFORMATION
fixed length control field 100322s2019 dr 1 000 0 spa d
020 ## - INTERNATIONAL STANDARD BOOK NUMBER
International Standard Book Number 9789945613278 (v. 1)
020 ## - INTERNATIONAL STANDARD BOOK NUMBER
International Standard Book Number 9789945613285 (v. 2)
040 ## - CATALOGING SOURCE
Original cataloging agency DO-SdBPM
Language of cataloging spa
Transcribing agency BPMSU
082 #4 - DEWEY DECIMAL CLASSIFICATION NUMBER
Classification number 196.1
Item number J61a 2019
Edition number 22
100 1# - MAIN ENTRY--PERSONAL NAME
Personal name Jiménez Grullón, Juan Isidro,
Dates associated with a name 1903-1983
245 13 - TITLE STATEMENT
Title Al margen de Ortega y Gasset :
Remainder of title (crítica a El tema de nuestro tiempo) /
Statement of responsibility, etc. J. I. Jiménez-Grullón
250 ## - EDITION STATEMENT
Edition statement 2a. ed.
260 ## - PUBLICATION, DISTRIBUTION, ETC. (IMPRINT)
Place of publication, distribution, etc. Santo Domingo :
Name of publisher, distributor, etc. Archivo General de la Nación,
Date of publication, distribution, etc. 2019.
300 ## - PHYSICAL DESCRIPTION
Extent v. ;
Dimensions 23 cm.
490 0# - SERIES STATEMENT
Series statement Archivo General de la Nación ;
Volume/sequential designation 363-364
500 ## - GENERAL NOTE
General note Incluye datos biográficos del autor en la solapa de la cubierta
500 ## - GENERAL NOTE
General note Incluye índice onomástico.
505 ## - FORMATTED CONTENTS NOTE
Miscellaneous information v.1.
Title Crítica a "El tema de nuestro tiempo."-
Formatted contents note
Miscellaneous information v.2.
Title Crítica a "En torno a Galileo."
Miscellaneous information v.3
Title Crítica a "La rebelión de las masas..
590 ## - LOCAL NOTE (RLIN)
Local note Inventariado, 2024/ VM
600 14 - SUBJECT ADDED ENTRY--PERSONAL NAME
Personal name Ortega y Gasset, José,
Dates associated with a name 1883-1955.
General subdivision Crítica e interpretación
600 14 - SUBJECT ADDED ENTRY--PERSONAL NAME
Personal name Ortega y Gasset, José,
Dates associated with a name 1883-1955.
Title of a work Tema de nuestro tiempo.
600 14 - SUBJECT ADDED ENTRY--PERSONAL NAME
Personal name Ortega y Gasset, José,
Dates associated with a name 1883-1955
Title of a work En torno a Galileo.
600 14 - SUBJECT ADDED ENTRY--PERSONAL NAME
Personal name Ortega y Gasset, José,
Dates associated with a name 1883-1955.
Title of a work Rebelión de las masas.
650 #4 - SUBJECT ADDED ENTRY--TOPICAL TERM
Topical term or geographic name as entry element Bioética
General subdivision Aspectos sociales
710 2# - ADDED ENTRY--CORPORATE NAME
Corporate name or jurisdiction name as entry element Archivo General de la Nación (República Dominicana)
910 ## - USER-OPTION DATA (OCLC)
User-option data VMateo V. Control de calidad. BPMSU
942 ## - ADDED ENTRY ELEMENTS (KOHA)
Source of classification or shelving scheme Dewey Decimal Classification
Koha item type Libros
Existencias
Withdrawn status Lost status Source of classification or shelving scheme Damaged status Not for loan Collection code Home library Current library Date acquired Total Checkouts Full call number Barcode Date last seen Price effective from Koha item type
    Dewey Decimal Classification     Colección General Biblioteca Pública Metropolitana Salomé Ureña Biblioteca Pública Metropolitana Salomé Ureña 11/21/2024   BPMSU CG 196.1 J61a 2019 BPMSU24110041 11/21/2024 11/21/2024 Libros